Eastern Utah Libraries Catalog: Duchesne, Heber, Roosevelt, & Vernal

Lost Lake (Record no. 99004)

MARC details
000 -LEADER
fixed length control field 00644nam a22002295 4500
001 - CONTROL NUMBER
control field BK0013376808
005 - DATE AND TIME OF LATEST TRANSACTION
control field 20241220134856.0
008 - FIXED-LENGTH DATA ELEMENTS--GENERAL INFORMATION
fixed length control field 130717 eng
020 ## - INTERNATIONAL STANDARD BOOK NUMBER
International Standard Book Number 9781250019806 : HRD
Terms of availability $25.99
020 ## - INTERNATIONAL STANDARD BOOK NUMBER
International Standard Book Number 125001980X : HRD
Terms of availability $25.99
037 ## - SOURCE OF ACQUISITION
Source of stock number/acquisition St Martins Pr, C/O Mps 16365 James Madison Hwy Us Hwy 15, Gordonsville, VA, USA, 22942, (212)6745151
Note SAN 631-5011
050 ## - LIBRARY OF CONGRESS CALL NUMBER
Classification number PS
082 ## - DEWEY DECIMAL CLASSIFICATION NUMBER
Classification number 813
092 ## - LOCALLY ASSIGNED DEWEY CALL NUMBER (OCLC)
Classification number 813.0000
092 ## - LOCALLY ASSIGNED DEWEY CALL NUMBER (OCLC)
Classification number ALLEN
100 ## - MAIN ENTRY--PERSONAL NAME
Personal name Allen, Sarah Addison
9 (RLIN) 56123
245 00 - TITLE STATEMENT
Title Lost Lake
260 ## - PUBLICATION, DISTRIBUTION, ETC. (IMPRINT)
Name of publisher, distributor, etc St Martins Pr
Date of publication, distribution, etc 2014
300 ## - PHYSICAL DESCRIPTION
Extent 304 p. ;
942 ## - ADDED ENTRY ELEMENTS (KOHA)
Koha item type BOOK
998 ## - LOCAL CONTROL INFORMATION (RLIN)
-- a174384
Holdings
Withdrawn status Lost status Source of classification or shelving scheme Damaged status Not for loan Collection code Home library Current library Shelving location Date acquired Source of acquisition Cost, normal purchase price Total Checkouts Total Renewals Full call number Barcode Date last seen Date checked out Cost, replacement price Price effective from Koha item type
    Dewey Decimal Classification     Fiction Wasatch County Library Wasatch County Library First Floor 03/05/2014 Amazon 25.99 23 4 F Allen 34301001280686 07/31/2024 07/17/2024 25.99 03/20/2020 BOOK
This project was made possible through a grant from the Institute of Museum and Library Service administered by the Utah State Library Division.

Wasatch County Library

  • 465 East 1200 South, Heber City, Utah 84032
  • Phone 435-654-1511 | Fax 435-654-6456

Hours

  • Monday - Friday 9:30 AM - 8:00 PM
  • Saturday 9:30 AM - 1:30 PM
  • Closed Sundays and Holidays